000 00877cab a2200241 4500
001 ABS49384
008 090401t1993 xxu||||| |||| 00| 0 eng d
035 _a(Sirsi) u71059
041 _aeng
100 _aClarke, H.W.
245 _aPlanning permission for development of land by interested local planning authorities
260 _c1993
350 _a0
490 _aEnvironmental Policy and Practice
_v3(2) August 1993, 137-141(5)
520 _aExplains the Town and Country Planning General Regulations 1992, numbers 2, 3 and 4, which govern applications to `interested planning authorities` for planning permission.
650 _aEXCLUSIONS
650 _aTOWN AND COUNTRY PLANNING (APPLICATION) REGULATIONS 1988
650 _aTOWN AND COUNTRY PLANNING ACT 1990
690 _aLAND
690 _aPLANNING LAW AND PRACTICE
942 _n0
948 _c04/03/1997
999 _c44767
_d44767